000 00305nam a22001337a 4500
008 170727b xxu||||| |||| 00| 0 eng d
020 _a9780619216214
041 _aeng
080 _a004
100 _a31
101 _aSHK
245 _aLINUX+ GUIDE TO LINUX CERTEFICATION
_cECKERT,J.W
942 _2udc
_cBK
999 _c21969
_d21969